• 首页
  • 本馆介绍
  • 公告通知
  • 最新文献
  • 馆藏检索
  • 电子资源
  • 读者荐购
  • 参考咨询
  • CALIS
  • 我的图书馆
  • 登录
  • 详细信息显示
  • 放入我的书架
  • 预约/预借图书
  • 作者相关作品
  • 分类相关作品
  • 丛书相关作品
  • 出版社相关作品

书目信息

  • 表格格式
  • 工作单格式
  • 卡片格式
题名:
你可以更杰出
    
 
作者: 张家伟 著
分册:  
出版信息: 乌鲁木齐   新疆人民出版社  2003.09
页数: 205页
开本: 21cm
丛书名:
单 册:
中图分类: B848.4
科图分类:
主题词: 成功心理学 , 失败--研究
电子资源:
ISBN: 7-228-08245-1
 
 
 
 
 
000 00745nam0 2200241 45
001 012003000000
005 20041009152355.14
010    @a7-228-08245-1@dCNY 16.80
100    @a20031006d2003 em y0chiy0121 ea
101 0  @achi
102    @aCN@b650000
105    @aa z 000yy
200 1  @a你可以更杰出@Ani ke yi geng jie chu@e导致人生失败的98件小事@f张家伟著
210    @a乌鲁木齐@c新疆人民出版社@d2003.09
215    @a205页@c图@d21cm
330    @a本书所介绍的成功策略, 远超那些简单的雇员守则, 你会了解怎样继续给自己充电。
517 1  @a导致人生失败的98件小事
606 0  @a成功心理学
606 0  @a失败@x研究
690    @aB848.4@v4
701  0 @a张家伟@Azhang jia wei@4著
801  0 @aCN@bQSSKw1@c20041009
905    @a10447@dB848.4@eZ120
    
    你可以更杰出:导致人生失败的98件小事/张家伟著.-乌鲁木齐:新疆人民出版社,2003.09
    205页:图;21cm
    
    
    ISBN 7-228-08245-1:CNY 16.80
    本书所介绍的成功策略, 远超那些简单的雇员守则, 你会了解怎样继续给自己充电。
●
相关链接 在E读中查询图书 在当当中查询图书 在豆瓣中查询图书


正题名:你可以更杰出     索取号:B848.4/Z120         预约/预借

序号 登录号 条形码 馆藏地/架位号 状态 备注
1 398239   203982397   社科库509/509社科库 51排5列3层/ [索取号:B848.4/Z120] 在馆    
2 398241   203982413   社科库509/509社科库 51排5列3层/ [索取号:B848.4/Z120] 在馆    
河南城建学院图书馆 欢迎您!
大连网信软件有限公司© 版权所有